logo

Bir Sreshtho Munshi Abdur Rouf Library
Jhenaidah Cadet College

এক দাগের ভাবনা / (Record no. 13515)

MARC details
000 -LEADER
fixed length control field 01557nam a2200229 a 4500
001 - CONTROL NUMBER
JCCL Control Number 13515
003 - CONTROL NUMBER IDENTIFIER
JCCL marc code BD-JhCC
005 - DATE AND TIME OF LATEST TRANSACTION
control field 20231120110037.0
008 - FIXED-LENGTH DATA ELEMENTS--GENERAL INFORMATION
fixed length control field 231120b2023 b a|||| ||a| 000 0 b d
035 ## - SYSTEM CONTROL NUMBER
system control number (BD-JhCC)13515
040 ## - CATALOGING SOURCE
Original cataloging agency BD-JhCC
Modifying agency BD-JhCC
041 ## - LANGUAGE CODE
Language code of Book bengali
082 ## - DEWEY DECIMAL CLASSIFICATION NUMBER
Classification number 891.3
Author mark and Year EKD 2023
245 ## - TITLE STATEMENT
Title এক দাগের ভাবনা /
Statement of responsibility, etc সম্পা: ৬০ তম ইনটেক ক্যাডেট।
260 ## - PUBLICATION, DISTRIBUTION, ETC. (IMPRINT)
Place of publication, distribution, etc ঝিনাইদহ ক্যাডেট কলেজ:
Name of publisher, distributor, etc ঝিনাইদহ ক্যাডেট কলেজ গ্রন্থাগার;
Date of publication, distribution, etc 2023.
300 ## - PHYSICAL DESCRIPTION
Pagination i-v,74 p. :
Other physical details ill;
Dimensions 22 cm.
500 ## - GENERAL NOTE
General note সম্পাদক পরিষদ:<br/> ১. ক্যাডেট রাছিম (হ-৩১৯৬) <br/>২- ক্যাডেট ছোয়াদ (ব-৩২২৪) <br/>৩ ক্যাডেট আহনাফ (ব-৩২০০)<br/> ৪. ক্যাডেট সানাদীদ (খ-৩২৩৪)<br/>৫ ক্যাডেট লাবীব (ব-৩২০৬) <br/>৬. ক্যাডেট আবীর (হ-৩২২০)<br/>৭. ক্যাডেট রেজওয়ান (হ-৩২১১)<br/>৮. ক্যাডেট জোহা (খ-৩২১৩)<br/>৯. ক্যাডেট আরাফ (ব-৩২৩৩)<br/>১০. ক্যাডেট সাবিত (ব-৩২৩৯)<br/>১১. ক্যাস্টে মাহফুজ (হ-৩২১৭)
650 ## - SUBJECT ADDED ENTRY--TOPICAL TERM
Topical term or geographic name as entry element Science Fictions.
700 ## - ADDED ENTRY--PERSONAL NAME
Personal name ক্যাডেট ,৬০ তম ইনটেক
942 ## - ADDED ENTRY ELEMENTS (KOHA)
Source of classification or shelving scheme Dewey Decimal Classification
Koha item type Books
Holdings
Source of classification or shelving scheme Damaged status Not for loan Home library Current library Shelving location Date of accession Source of acquisition Total Checkouts Full call number Barcode Checked out Date last seen Date checked out Copy number Method of acquisition Koha item type Currency
Dewey Decimal Classification     JCC Rouf Library JCC Rouf Library General Stacks 11/20/2023 60th Intake, JCC 1 891.3 EKD 2023 18626 02/29/2024 01/24/2024 01/24/2024 C-1 Gift/Donation Books BDT

JCC Library | Contacts | JCC Home

Last Update on 23 September 2017
Copyright @ 2017-2020 JCC Rouf Library
Rouf Library, Jhenidah Cadet College (JCC), Bangladesh